• 首页
  • 本馆介绍
  • 公告通知
  • 最新文献
  • 馆藏检索
  • 电子资源
  • 读者导购
  • 参考咨询
  • 我的图书馆
  • 登录
  • 详细信息显示
  • 放入我的书架
  • 预约/预借图书
  • 作者相关作品
  • 分类相关作品
  • 丛书相关作品
  • 出版社相关作品

书目信息

  • 表格格式
  • 工作单格式
  • 卡片格式
题名:
IT项目经理实践入门
    
 
作者: 默奇 著 ;简学 译
分册:  
出版信息: 北京   电子工业出版社  2002
页数: 268页
开本: 21cm
丛书名: 项目管理核心资源库
单 册:
中图分类: F49
科图分类:
主题词: 信息技术--高技术产业--项目管理--基本知识
电子资源:
ISBN: 7-5053-7135-5
000 00716nam2 2200229 45
001 0401261006
005 20040126102420.3
010    @a7-5053-7135-5@dCNY19.00
100    @a20040126d2002 km y0chiy0120 ea
101 0  @achi@ceng
105    @a z 000yy
200 1  @aIT项目经理实践入门@AIT Xiang Mu Jing Li Shi Jian Ru Men@f(美)理查德·默奇著@F(Mei)Li Cha De·Mo Qi Zhu@g简学译
210    @a北京@c电子工业出版社@d2002
215    @a268页@d21cm
225    @a项目管理核心资源库
410    @12001 @a项目管理核心资源库
606 0  @a信息技术@x高技术产业@x项目管理@x基本知识
690    @aF49@v4
701  0 @a默奇@4著
702  0 @a简学@AJian Xue@4译
801    @aCN@bTSTCL@c20040126
905    @b332460-464@dF49@e18@f5
    
    IT项目经理实践入门/(美)理查德·默奇著/简学译.-北京:电子工业出版社,2002
    268页;21cm.-(项目管理核心资源库)
    
    
    ISBN 7-5053-7135-5:CNY19.00
    
●
相关链接 在E读中查询图书 在五车中查询图书 在当当中查询图书 在豆瓣中查询图书


正题名:IT项目经理实践入门     索取号:F49/18         预约/预借

序号 登录号 条形码 馆藏地/架位号 状态 备注
1 0332460   203324606   第一借阅区/ [索取号:F49/18] 在馆    
2 0332461   203324615   第一借阅区/ [索取号:F49/18] 在馆    
3 0332462   203324624   第一借阅区/ [索取号:F49/18] 在馆    
4 0332463   203324633   第一借阅区/ [索取号:F49/18] 在馆    
5 0332464   203324642   第一样本阅览室/ [索取号:F49/18] 在馆    
唐山师范学院图书馆 欢迎您!
大连网信软件有限公司© 版权所有